| 000 | 00532nam a22001817a 4500 | ||
|---|---|---|---|
| 003 | KOHA_MİRAKIL | ||
| 005 | 20251209112254.0 | ||
| 008 | 251209b tu ||||| |||| 00| 0 tur d | ||
| 020 | _a9786259412917 | ||
| 040 |
_aTR-AnABB _btur _cTR-AnABB |
||
| 041 | _atur | ||
| 082 |
_a650.1082 _bCUM 2024 |
||
| 245 | 1 | 0 | _aCumhuriyet'in 100. yılında her alanda güçlü kadın / |
| 260 |
_aİstanbul : _bİstanbul Gedik Üniversitesi Yayınları, _c2024 |
||
| 300 |
_a272 sayfa ; _c24 cm |
||
| 650 | 0 | 4 | _aİş hayatı |
| 942 |
_2ddc _cBK |
||
| 999 |
_c9726 _d9726 |
||
| 900 | _bGizem YORULMAZ | ||